甲子園出場校(2025年)から都道府県を当てる - Statistics

General Stats
  • This quiz has been taken 615 times
  • The average score is 40 of 47
Answer Stats
Hint Answer % Correct
旭川志峯、北海 1.北海道
97%
沖縄尚学 47.沖縄
97%
横浜 14.神奈川
96%
山梨学院 15.山梨
96%
県岐阜商 23.岐阜
96%
京都国際 26.京都
96%
智弁和歌山 28.和歌山
96%
岡山学芸館 31.岡山
96%
高知中央 39.高知
96%
佐賀北 41.佐賀
96%
日大山形 5.山形
96%
未来富山 18.富山
95%
東大阪大柏原 29.大阪
95%
鳥取城北 32.鳥取
95%
関東第一、日大三 13.東京
94%
花巻東 3.岩手
94%
東洋大姫路 30.兵庫
94%
宮崎商 45.宮崎
94%
仙台育英 6.宮城
94%
弘前学院聖愛 2.青森
93%
健大高崎 10.群馬
92%
広陵 33.広島
92%
東海大熊本星翔 43.熊本
92%
市船橋 12.千葉
91%
豊橋中央 22.愛知
91%
天理 27.奈良
90%
鳴門 38.徳島
89%
小松大谷 19.石川
88%
敦賀気比 20.福井
88%
中越 17.新潟
85%
金足農業 4.秋田
85%
神村学園 46.鹿児島
84%
明秀日立 8.茨城
83%
西日本短大付 40.福岡
81%
聖光学院 7.福島
79%
明豊 44.大分
77%
済美 37.愛媛
76%
聖隷クリストファー 21.静岡
70%
創成館 42.長崎
69%
津田学園 24.三重
65%
高川学園 35.山口
57%
青藍泰斗 9.栃木
57%
松商学園 16.長野
56%
開星 34.島根
56%
尽誠学園 36.香川
56%
叡明 11.埼玉
53%
綾羽 25.滋賀
52%
No matching quizzes found
Score Distribution
Percent of People with Each Score
Percentile by Number Answered
Your Score History
You have not taken this quiz